ბათუმის შოთა რუსთაველის სახელმწიფო უნივერსიტეტის ბიბლიოთეკა

Foundation Mathematics for Computer Science : (ბიბ.ჩანაწერი № 57515)

000 -LEADER
fixed length control field 00603nam a22001817a 4500
005 - DATE AND TIME OF LATEST TRANSACTION
control field 20200701140918.0
008 - FIXED-LENGTH DATA ELEMENTS--GENERAL INFORMATION
fixed length control field 200701s2020 eng||||| |||| 00| 0 enk d
020 ## - INTERNATIONAL STANDARD BOOK NUMBER
International Standard Book Number 9783030420772
041 ## - LANGUAGE CODE
Language code of text/sound track or separate title eng
080 ## - UNIVERSAL DECIMAL CLASSIFICATION NUMBER
Universal Decimal Classification number 510.6+004 V-58
100 ## - MAIN ENTRY--PERSONAL NAME
Personal name Vince, John
9 (RLIN) 8941
245 ## - TITLE STATEMENT
Title Foundation Mathematics for Computer Science :
Remainder of title A Visual Approach /
Statement of responsibility, etc. John Vince.
250 ## - EDITION STATEMENT
Edition statement 2nd ed.
264 ## - PRODUCTION, PUBLICATION, DISTRIBUTION, MANUFACTURE, AND COPYRIGHT NOTICE
Place of production, publication, distribution, manufacture Breinton:
Name of producer, publisher, distributor, manufacturer Springer,
Date of production, publication, distribution, manufacture, or copyright notice 2020.
300 ## - PHYSICAL DESCRIPTION
Extent 407 p.
Other physical details 25 cm.
653 ## - INDEX TERM--UNCONTROLLED
keyword მათემატიკა კომპიუტერული მეცნიერებისთვის
942 ## - ADDED ENTRY ELEMENTS (KOHA)
Source of classification or shelving scheme
Koha item type წიგნი
ეგზემპლარები
Withdrawn status Lost status Source of classification or shelving scheme Damaged status Not for loan Permanent Location Current Location Shelving location Date acquired Cost, normal purchase price Full call number Barcode Date last seen Copy number Price effective from Koha item type Public note
          ბათუმის შოთა რუსთაველის სახელმწიფო უნივერსიტეტის მთავარი ბიბლიოთეკა ბათუმის შოთა რუსთაველის სახელმწიფო უნივერსიტეტის მთავარი ბიბლიოთეკა წიგნსაცავი 2020-07-01 159.00 510.6+004 V-58 60712 2020-07-01 60715 2020-07-01 წიგნი 159 ლ.